LEADER 02362nam0 22005293i 450 001 VAN00226176 005 20240806101312.732 017 70$2N$a9783030409432 100 $a20211013d2020 |0itac50 ba 101 $aeng 102 $aCH 105 $a|||| ||||| 200 1 $aComplex Networks XI$eProceedings of the 11th Conference on Complex Networks CompleNet 2020$fHugo Barbosa ... [et al.] editors 210 $aCham$cSpringer$d2020 215 $axvi, 404 p.$cill.$d24 cm 410 1$1001VAN00133298$12001 $aSpringer Proceedings in Complexity$1210 $aBerlin [etc.]$cSpringer$d2013- 500 1$3VAN00226177$aComplex Networks XI$91879303 606 $a00A79 (77-XX)$xPhysics [MSC 2020]$3VANC023182$2MF 606 $a00B25$xProceedings of conferences of miscellaneous specific interest [MSC 2020]$3VANC020732$2MF 606 $a68-XX$xComputer science [MSC 2020]$3VANC019670$2MF 606 $a91-XX$xGame theory, economics, finance, and other social and behavioral sciences [MSC 2020]$3VANC025601$2MF 606 $a94-XX$xInformation and communication theory, circuits [MSC 2020]$3VANC019701$2MF 610 $aApplications$9KW:K 610 $aCollective Behaviour$9KW:K 610 $aComplex Networks$9KW:K 610 $aComplex Systems$9KW:K 610 $aComplexity$9KW:K 610 $aComputational social sciences$9KW:K 610 $aComputer Science$9KW:K 610 $aConference Proceedings$9KW:K 610 $aData science$9KW:K 610 $aGraph theory$9KW:K 610 $aInformatics$9KW:K 610 $aResearch$9KW:K 610 $aSocial networks$9KW:K 620 $aCH$dCham$3VANL001889 702 1$aBarbosa$bHugo$3VANV190033 712 12$aInternational Conference on Complex Networks$d11.$f2020$3VANV190034 712 $aSpringer $3VANV108073$4650 801 $aIT$bSOL$c20250606$gRICA 856 4 $uhttp://doi.org/10.1007/978-3-030-40943-2$zE-book ? Accesso al full-text attraverso riconoscimento IP di Ateneo, proxy e/o Shibboleth 899 $aBIBLIOTECA DEL DIPARTIMENTO DI MATEMATICA E FISICA$1IT-CE0120$2VAN08 912 $fN 912 $aVAN00226176 950 $aBIBLIOTECA DEL DIPARTIMENTO DI MATEMATICA E FISICA$d08DLOAD e-book 4188 $e08eMF4188 20211013 996 $aComplex Networks XI$91879303 997 $aUNICAMPANIA LEADER 01774nam0 22004333i 450 001 VAN00255418 005 20240806101444.304 017 70$2N$a9783540366652 100 $a20230228d1971 |0itac50 ba 101 $aeng 102 $aDE 105 $a|||| ||||| 200 1 $aˆThe ‰Jacobi-Perron Algorithm$eIts Theory and Application$fLeon Bernstein 210 $aBerlin$cSpringer$d1971 215 $aiv, 160 p.$d24 cm 461 1$1001VAN00102250$12001 $aLecture notes in mathematics$1210 $aBerlin [etc.]$cSpringer$v207 606 $a11-XX$xNumber theory [MSC 2020]$3VANC019688$2MF 606 $a11A55$xContinued fractions [MSC 2020]$3VANC021428$2MF 606 $a11R11$xQuadratic extensions [MSC 2020]$3VANC021760$2MF 606 $a11R27$xUnits and factorization [MSC 2020]$3VANC021759$2MF 610 $aAlgebra$9KW:K 610 $aAlgebraic number fields$9KW:K 610 $aAlgorithms$9KW:K 610 $aConvergence$9KW:K 610 $aDiophantine Equations$9KW:K 610 $aEquations$9KW:K 610 $aFunctions$9KW:K 610 $aJacobi-Perron algorithm$9KW:K 620 $dBerlin$3VANL000066 700 1$aBernstein$bLeon$3VANV208439$0348430 712 $aSpringer $3VANV108073$4650 801 $aIT$bSOL$c20250829$gRICA 856 4 $uhttps://doi.org/10.1007/BFb0069405$zE-book ? Accesso al full-text attraverso riconoscimento IP di Ateneo, proxy e/o Shibboleth 899 $aBIBLIOTECA DEL DIPARTIMENTO DI MATEMATICA E FISICA$1IT-CE0120$2VAN08 912 $fN 912 $aVAN00255418 950 $aBIBLIOTECA DEL DIPARTIMENTO DI MATEMATICA E FISICA$d08DLOAD e-book 5590 $e08eMF5590 20230313 996 $aJacobi-Perron algorithm$981556 997 $aUNICAMPANIA